000 01997nam a2200313 a 4500
001 000015556
003 OSt
005 20260321073639.0
008 100212t2009 dr abch 001 0cspa d
020 _a9789945163193
040 _aDO-SdBNP
_bspa
_cBNPHU
082 _a929.2
_bB742m
100 1 _aMarte Rodríguez, Evelyn
_935097
245 1 4 _aLos Bosch Gaviño :
_bapuntes y gráficas sobre su historia familiar /
_cEvelyn Marte Rodríguez ; prólogo Milagros Ortíz Bosch.
260 _aSanto Domingo :
_bBúho,
_c2009.
300 _a291 p. :
_bil., facsíms., mapas, retrs. ;
_c23 cm.
500 _aIncluye datos biográficos de la autora en las solapas.
500 _aIncluye cronología de la familia Bosch Gaviño.
504 _aIncluye bibliografía y notas al pie de páginas.
504 _aBibliografía : p. 285-291.
505 0 _gIntroducción --
_gPrólogo /
_rMilagros Ortíz Bosch --
_tLor orígenes --
_tAmbiente familiar --
_tNace Juan Emilio Bosch Gaviño --
_tLos Bosch Gaviño viviendo en el país intervenido --
_tPesar por la muerte de dos hermanos Bosch y el abuelo Papa Juan --
_tPeriplo del joven Bosch y sus familiares --
_tExilio y lucha política --
_tTestimonios de familiares --
_tFin de la tiranía de Trujillo (1961). Reencuentro familiar y labor de organización --
_tEl rumbo de las democracias. Lazos de amistad y hermandad durante el exilio --
_tAño del Centenario de Juan Bosch (2009) --
_gApéndices :
_tFotografías de los descendientes de la familia Bosch Gaviño --
_tGenealogía de la familia Bosch Gaviño. Nuevas generaciones --
_tCronología de la familia Bosch Gaviño --
_tBibliografía activa del Prof. Juan Bosch --
_tBibliografía.
600 1 0 _a Bosch, Juan,
_d1909-2001
_976555
650 1 4 _aBosch Gaviño (familia)
_xGenealogía
_935099
650 1 4 _aParentesco
_92156
651 1 4 _aRepública Dominicana
_xGenealogía
_92157
700 1 _aOrtiz Bosch, Milagros, 1936-
_epról.
_926797
910 _aValidado. Control de calidad EMS.
942 _2ddc
_cLBS1
999 _c15112
_d15112